Handbook of electric power calculations/ (Record no. 153440)

MARC details
000 -LEADER
fixed length control field 00805nam a2200253 a 4500
008 - FIXED-LENGTH DATA ELEMENTS--GENERAL INFORMATION
fixed length control field
020 ## - INTERNATIONAL STANDARD BOOK NUMBER
International Standard Book Number 0070570485 (cased)
090 ## - LOCALLY ASSIGNED LC-TYPE CALL NUMBER (OCLC); LOCAL CALL NUMBER (RLIN)
Classification number (OCLC) (R) ; Classification number, CALL (RLIN) (NR) TK1005
003 - CONTROL NUMBER IDENTIFIER
control field
005 - DATE AND TIME OF LATEST TRANSACTION
control field 20230123133722.0
040 ## - CATALOGING SOURCE
Transcribing agency NUST
049 ## - LOCAL HOLDINGS (OCLC)
Holding library MAIN
100 1# - MAIN ENTRY--PERSONAL NAME
Personal name Seidman, Arthur
245 10 - TITLE STATEMENT
Title Handbook of electric power calculations/
Statement of responsibility, etc. Arthur Seidman, H. Wayne Beaty, Haroun Mahrous
260 ## - PUBLICATION, DISTRIBUTION, ETC.
Place of publication, distribution, etc. New York :
Name of publisher, distributor, etc. McGraw-Hill,
Date of publication, distribution, etc. 1996
300 ## - PHYSICAL DESCRIPTION
Extent 2nd ed.
300 ## - PHYSICAL DESCRIPTION
Extent 1 v. (in various pagings) :
Other physical details ill. ;
Dimensions 24 cm.
650 ## - SUBJECT ADDED ENTRY--TOPICAL TERM
Topical term or geographic name entry element Mathematics-Formulae-Handbooks, manual, etc.
650 #1 - SUBJECT ADDED ENTRY--TOPICAL TERM
Topical term or geographic name entry element Electric power systems-mathematics-Handbooks, manuals, etc
700 ## - ADDED ENTRY--PERSONAL NAME
Personal name Mahrous, Haroun
700 ## - ADDED ENTRY--PERSONAL NAME
Personal name Beaty, H. Wayne
907 ## - LOCAL DATA ELEMENT G, LDG (RLIN)
a .b10123325
b 31-05-04
c 27-05-04
942 ## - ADDED ENTRY ELEMENTS (KOHA)
Koha item type Ordinary Loan Books
Call number prefix TK1005
Holdings
Date last seen Total Checkouts Full call number Barcode Cost, replacement price Price effective from Koha item type Lost status Source of classification or shelving scheme Damaged status Not for loan Collection Withdrawn status Home library Current library Shelving location Date acquired Cost, normal purchase price
01/23/2023 12 TK1005 SEI 92003027625 80.00 01/23/2023 BOOKS   LCC     NFIC   MAIN MAIN GEN 01/23/2023 80.00